| 000 | 00000nam 2200000za 4500 |
| 001 | 9.605540 |
| 003 | CaOODSP |
| 005 | 20251010121315 |
| 007 | cr ||||||||||| |
| 008 | 150406|2012||||xxc|||||o f|0| 0 fre d |
| 040 | |aCaOODSP|bfre |
| 043 | |an-cn--- |
| 086 | 1 |aYM32-2/2012-79F-PDF |
| 245 | 00|aProjets de loi omnibus - foire aux questions / |h[ressource électronique]|c[par] Michel Bédard. |
| 250 | |a[Édition de 1 octobre 2012]. |
| 260 | |aOttawa - Ontario : |bBibliothèque du Parlement. |c1 octobre 2012. |
| 300 | |a13p. |
| 490 | 1 |aÉtude générale|v2012-79-F |
| 590 | |a13-14|b2013-04-05 |
| 710 | 1 |aCanada. |bService d'information et de recherche parlementaires. |
| 775 | 08|tOmnibus bills - frequently asked questions / |w(CaOODSP)9.576294 |
| 794 | |tProjets de loi omnibus : |b[Révisée le 26 janvier 2022]|w(CaOODSP)9.956142 |
| 830 | #0|aÉtude générale ;|v2012-79-F|w(CaOODSP)9.501181 |
| 856 | 40|qPDF|s338 Ko|uhttps://publications.gc.ca/collections/collection_2013/bdp-lop/bp/2012-79-fra.pdf |